书目信息 |
| 题名: |
台湾教育与经济发展
|
|
| 作者: | 罗祥喜 编著 | |
| 分册: | ||
| 出版信息: | 福州 福建教育出版社 1994 |
|
| 页数: | 284页 | |
| 开本: | 20cm | |
| 丛书名: | 台湾教育研究丛书 | |
| 单 册: | ||
| 中图分类: | G527.58 , F127.58 | |
| 科图分类: | ||
| 主题词: | 教育--关系--经济发展--研究--台湾 , 教育 , 经济发展 | |
| 电子资源: | ||
| ISBN: | 7-5334-1571-X | |
| 000 | 00731oam2 2200265 450 | |
| 001 | 1561719023 | |
| 005 | 20150130170853.67 | |
| 010 | @a7-5334-1571-X@dCNY7.80 | |
| 100 | @a19950621d1994 kemy0chiy0110 ea | |
| 101 | 0 | @achi |
| 102 | @aCN@b350000 | |
| 105 | @ay z 000yy | |
| 200 | 1 | @a台湾教育与经济发展@9tai wan jiao yu yu jing ji fa zhan@f罗祥喜编著 |
| 210 | @a福州@c福建教育出版社@d1994 | |
| 215 | @a284页@d20cm | |
| 225 | 2 | @a台湾教育研究丛书 |
| 461 | 0 | @12001 @a台湾教育研究丛书 |
| 606 | 0 | @a教育@x关系@x经济发展@x研究@y台湾 |
| 606 | 0 | @a教育 |
| 606 | 0 | @a经济发展 |
| 690 | @aG527.58 | |
| 690 | @aF127.58 | |
| 701 | 0 | @a罗祥喜@9luo xiang xi@4编著 |
| 801 | 0 | @aCN@bTSSF@c20150130 |
| 905 | @aZUCC@dG527.58@eJY2 | |
| 台湾教育与经济发展/罗祥喜编著.-福州:福建教育出版社,1994 |
| 284页;20cm.-(台湾教育研究丛书) |
| ISBN 7-5334-1571-X:CNY7.80 |
| ● |
| 相关链接 |
|
|
|
|
正题名:台湾教育与经济发展
索取号:G527.58/JY2
 
预约/预借
| 序号 | 登录号 | 条形码 | 馆藏地/架位号 | 状态 | 备注 |
| 1 | 7859498 | 278594987 | 学院路分馆/ [索取号:G527.58/JY2] | 在馆 |